| 000 | 00476nam a2200205Ia 4500 | ||
|---|---|---|---|
| 003 | OSt | ||
| 005 | 20230603102650.0 | ||
| 008 | 210210b2010 xxu||||| |||| 00| 0 eng d | ||
| 040 | _cAL | ||
| 041 | _aeng | ||
| 082 | _a330 AGAP | ||
| 100 |
_aAGARWAL (H S) _9119134 |
||
| 245 | _aPrinciples of economics | ||
| 250 | _a8 | ||
| 260 |
_aNew Delhi _bAne Books Pvt. Ltd. _c2010 |
||
| 300 | _axxviii,1300 | ||
| 690 |
_aEconomics _9119135 |
||
| 906 | _a064788 | ||
| 942 |
_2ddc _cBK |
||
| 999 |
_c141735 _d141735 |
||